Carbon and Oxide Nanostructures Synthesis, Characterisation and Applications /

This volume covers all aspects of carbon and oxide based nanostructured materials. The topics include synthesis, characterization and application of carbon-based namely carbon nanotubes, carbon nanofibres, fullerenes, carbon filled composites etc. In addition, metal oxides namely, ZnO, TiO2, Fe2O3,...

Full description

Bibliographic Details
Main Author: Yahya, Noorhana (Author)
Corporate Author: SpringerLink (Online service)
Format: Electronic eBook
Language:English
Published: Berlin, Heidelberg : Springer Berlin Heidelberg, 2011.
Series:Advanced Structured Materials, 5
Subjects:
Online Access:Full Text via HEAL-Link
LEADER 03706nam a22005415i 4500
001 978-3-642-14673-2
003 DE-He213
005 20151109191239.0
007 cr nn 008mamaa
008 110111s2011 gw | s |||| 0|eng d
020 |a 9783642146732  |9 978-3-642-14673-2 
024 7 |a 10.1007/978-3-642-14673-2  |2 doi 
040 |d GrThAP 
050 4 |a T174.7 
050 4 |a TA418.9.N35 
072 7 |a TBN  |2 bicssc 
072 7 |a TEC027000  |2 bisacsh 
072 7 |a SCI050000  |2 bisacsh 
082 0 4 |a 620.115  |2 23 
100 1 |a Yahya, Noorhana.  |e author. 
245 1 0 |a Carbon and Oxide Nanostructures  |h [electronic resource] :  |b Synthesis, Characterisation and Applications /  |c by Noorhana Yahya. 
264 1 |a Berlin, Heidelberg :  |b Springer Berlin Heidelberg,  |c 2011. 
300 |a VIII, 416 p.  |b online resource. 
336 |a text  |b txt  |2 rdacontent 
337 |a computer  |b c  |2 rdamedia 
338 |a online resource  |b cr  |2 rdacarrier 
347 |a text file  |b PDF  |2 rda 
490 1 |a Advanced Structured Materials,  |x 1869-8433 ;  |v 5 
505 0 |a Synthesis of Carbon Nanostructures by CVD method -- Fullerenes (C60) and its Derivatives as Resist for Electron Beam Lithography -- Carbon Nanostructured Materials -- Hydrogenated Amorphous Carbon Films -- Carbon nanotubes Towards Organic Solar Cells.-Irregular Configurations of Carbon Nanofibers -- Molecular Simulation to Rationalize Structure-Property Correlation of Carbon Nanotube -- Carbon Nanotubes: The Minuscule Wizards- Diamond: Synthesis, Characterisation and Applications -- Versatility of ZnO Nanostructures -- Supported Nanoparticles for Fuel Synthesis.-Nanotechnology in Solar Hydrogen Production -- Fe-FeO nanocomposites: Preparation, Characterization and Magnetic Properties -- Nanostructured Materials Use in Sensors: Their Benefits and Drawbacks -- Zinc Oxide Nanostructured Thin Films: Preparation and Characterization -- Superparamagnetic Nanoparticles -- Ammonia Synthesis. 
520 |a This volume covers all aspects of carbon and oxide based nanostructured materials. The topics include synthesis, characterization and application of carbon-based namely carbon nanotubes, carbon nanofibres, fullerenes, carbon filled composites etc. In addition, metal oxides namely, ZnO, TiO2, Fe2O3, ferrites, garnets etc., for various applications like sensors, solar cells, transformers, antennas, catalysts, batteries, lubricants, are presented. The book also includes the modeling of oxide and carbon based nanomaterials. The book covers the topics: • Synthesis, characterization and application of carbon nanotubes, carbon nanofibres, fullerenes • Synthesis, characterization and application of oxide based nanomaterials. • Nanostructured magnetic and electric materials and their applications. • Nanostructured materials for petro-chemical industry. • Oxide and carbon based thin films for electronics and sustainable energy. • Theory, calculations and modeling of nanostructured materials. 
650 0 |a Materials science. 
650 0 |a Nanochemistry. 
650 0 |a Nanoscale science. 
650 0 |a Nanoscience. 
650 0 |a Nanostructures. 
650 0 |a Nanotechnology. 
650 1 4 |a Materials Science. 
650 2 4 |a Nanotechnology. 
650 2 4 |a Nanotechnology and Microengineering. 
650 2 4 |a Nanoscale Science and Technology. 
650 2 4 |a Nanochemistry. 
710 2 |a SpringerLink (Online service) 
773 0 |t Springer eBooks 
776 0 8 |i Printed edition:  |z 9783642146725 
830 0 |a Advanced Structured Materials,  |x 1869-8433 ;  |v 5 
856 4 0 |u http://dx.doi.org/10.1007/978-3-642-14673-2  |z Full Text via HEAL-Link 
912 |a ZDB-2-CMS 
950 |a Chemistry and Materials Science (Springer-11644)